000 00670nam a2200217 u 4500
005 20210223131432.0
008 110127s2007 ag r 000 0 spa d
020 _a9789508891648
035 _aUPN01000179126
049 _aC
050 4 _aNC915 A7.2
_bI5.5
100 1 _aIndij, Guido
_942136
245 1 0 _a1000 stencil :
_bArgentina graffiti /
_cGuido Indij ; tr. Wendy Gosselin.
260 _aBuenos Aires :
_bLa Marca,
_c2007.
300 _a239 p. :
_bil. col.
440 0 _aRegistro gráfico
650 4 _aTRABAJO DE STENCIL -
_zARGENTINA
_927005
650 4 _aARTE DEL AEROGRAFO -
_zARGENTINA
_927004
650 4 _aGRAFFITI -
_zARGENTINA
_927003
905 _aLibro
999 _c151229
_d151229